00414pab a2200145 454500008004000000100001700040245009100057260000900148300001500157362000800172650002500180650001200205700001600217773003500233180718b2011 xxu||||| |||| 00| 0 eng d aDavis, Peter aParallel realities: Exploring poverty dynamics using mixed methods in rural Bangladesh c2011 ap.118-142. aJan aPoverty - Bangladesh aPoverty aBaulch, Bob aJournal of Development Studies